| 000 | 00410cam a2200169 4500 | ||
|---|---|---|---|
| 001 | D12357 | ||
| 008 | 090401t1934 xxu||||| |||| 00| 0 eng d | ||
| 035 | _a(Sirsi) u2853 | ||
| 041 | _aeng | ||
| 100 | _aCave, J. Otway | ||
| 245 | 4 | _aThe business transfer agent and trade valuer | |
| 260 |
_bSir Isaac Pitman and Sons Ltd _c1934 |
||
| 350 | _a0 | ||
| 520 | _aShelf 114 | ||
| 942 | _n0 | ||
| 948 | _c04/03/1997 | ||
| 999 |
_c85819 _d85819 |
||